Une Bataille,Une Date - Statistiques

Statistiques générales
  • Ce quiz a été pris 83 fois
  • Le résultat moyen est 6 sur 16
Statistiques - réponses
Hint Réponse % Correct
Verdun 1916
99%
Iéna 1806
67%
Hastings 1066
60%
Azincourt 1415
56%
La Moskova 1812
56%
Crécy 1346
46%
Pavie 1525
39%
Yorktown 1781
36%
Rocroi 1643
31%
Fontenoy 1745
31%
Fréteval 1194
26%
Fornoue 1495
21%
Novare 1513
21%
La Roche-aux-Moines 1214
20%
Taillebourg 1242
20%
Montlhéry 1465
20%
Aucun quiz correspondant
Distribution des résultats
% des personnes avec chaque résultat
Percentile par nombre de réponses
Votre historique - résultats
Vous n’avez pas pris ce quiz